000 00482nam a22001457a 4500
020 _a9781119313397
040 _cNUST
082 _a620.193 JIA
100 _aJiang, Xin
_999944
110 _aKang, Zhenhui. Guo, Xiaoning. Zhuang, Hao
_999945
245 _aNovel Carbon Materials and Composites:
_bSynthesis, Properties and Applications
260 _aUSA:
_bJohn Wiley & Sons,
_c2019.
650 _aCarbon Composites.Novel Carbon Materials.NUSTTB2022
_9102830
942 _2ddc
_cBK
999 _c591697
_d591697